000 00921nmm a2200277 a 4500
001 ocm0001520799
003 TR-IsHL
005 20201028163451.0
008 170206s[t.y tu tur
007 cr cn
020 _a9786051624808
035 _a1520799
_b(N$T)
050 0 4 _aPL230
_b.S49 [t.y.]
090 0 4 _aPL230
_b.S49 [t.y.]
100 1 _aSezgin, Gülsüm
245 1 0 _aİkizlerin umre günlüğü: Ayşe'nin Medine günlüğü
_h[electronic resource] /
_cGülsüm Sezgin ; resimleyen Erkan Bastem
260 _aİstanbul :
_bNesil Yayınları,
_c[t.y.]
300 _a64 p.
650 4 _aDil ve Edebiyat
650 4 _aLanguage and Literature
650 0 _aÇocuk edebiyatı
650 0 _aChildren literature
650 7 _aJUVENILE FICTION / General
_2bisacsh
700 1 _aBastem, Erkan
856 4 0 _uhttp://search.ebscohost.com/login.aspx?direct=true&scope=site&db=e011xww&AN=1520799
999 _c15345
_d15345